| 000 | 00894cab a2200253 4500 | ||
|---|---|---|---|
| 001 | ABS59776 | ||
| 008 | 090401t1998 xxu||||| |||| 00| 0 eng d | ||
| 035 | _a(Sirsi) u90284 | ||
| 041 | _aeng | ||
| 100 | _aSpring, M. | ||
| 245 | _aLearning curve: management faculty building, Aberdeen | ||
| 260 | _c1998 | ||
| 350 | _a0 | ||
| 490 |
_aBuilding _v50(263) 11 December 1998, 32-42(5) |
||
| 520 | _a"Building" review of the management faculty building for Robert Gordon University, Aberdeen designed by architects Foster and Partners. Includes a cost commentary, an elemental cost analysis and a product specification. | ||
| 650 | _aABERDEEN | ||
| 650 | _aEDUCATIONAL BUILDINGS | ||
| 650 | _aFOSTER AND PARTNERS | ||
| 650 | _aMANAGEMENT FACULTY BUILDING | ||
| 650 | _aROBERT GORDON UNIVERSITY | ||
| 690 | _aBUILDING AND CONSTRUCTION-PROJECTS | ||
| 942 | _n0 | ||
| 948 | _c14/12/1998 | ||
| 999 |
_c57222 _d57222 |
||